| 000 | 00616nam a2200217Ia 4500 | ||
|---|---|---|---|
| 005 | 20231130101454.0 | ||
| 008 | 131103s9999 xx 000 0 und d | ||
| 020 |
_a8186706038 _cRs150.00 |
||
| 040 | _aLoreto College | ||
| 041 | _aEnglish | ||
| 082 |
_a396 _bSAN |
||
| 245 |
_aRecasting Women, _b Essays in Colonial History, _cEdited by Kumum Sangari and Sudesh Vaid |
||
| 260 |
_aNew Delhi _bKali for Women _c1989(1999Printing) |
||
| 300 | _a372p | ||
| 630 | _aIndian Women - History | ||
| 650 | _aWomen - India | ||
| 651 | _aFeminism | ||
| 700 | _aSangari, Kumum, ed. | ||
| 850 | _aLCLIB | ||
| 942 | _cBK | ||
| 999 |
_c18067 _d68546 |
||